<?xml version="1.0" encoding="UTF-8"?>
<collection xmlns:xsi="http://www.w3.org/2001/XMLSchema-instance" xsi:schemaLocation="http://www.loc.gov/MARC21/slim http://www.loc.gov/standards/marcxml/schema/MARC21slim.xsd" xmlns="http://www.loc.gov/MARC21/slim">
 <record>
  <leader>00000cmm a22000005a 4500</leader>
  <controlfield tag="001">UP-99796217611037184</controlfield>
  <controlfield tag="003">Buklod</controlfield>
  <controlfield tag="005">20131213142741.0</controlfield>
  <controlfield tag="006">aa    r     ||| u </controlfield>
  <controlfield tag="007">ta</controlfield>
  <controlfield tag="008">130109s2012    xx         u        eng d</controlfield>
  <datafield tag="020" ind1=" " ind2=" ">
   <subfield code="a">9780821397503</subfield>
  </datafield>
  <datafield tag="035" ind1=" " ind2=" ">
   <subfield code="a">(iLib)UPD-00208004463</subfield>
  </datafield>
  <datafield tag="040" ind1=" " ind2=" ">
   <subfield code="a">DLC</subfield>
   <subfield code="d">DECON</subfield>
  </datafield>
  <datafield tag="041" ind1=" " ind2=" ">
   <subfield code="a">eng</subfield>
  </datafield>
  <datafield tag="084" ind1=" " ind2=" ">
   <subfield code="a">HF 3876.5</subfield>
   <subfield code="b">B74 2012eb</subfield>
  </datafield>
  <datafield tag="100" ind1="1" ind2=" ">
   <subfield code="a">Brenton, Paul</subfield>
  </datafield>
  <datafield tag="245" ind1="0" ind2="0">
   <subfield code="a">Pathways to African export sustainability</subfield>
   <subfield code="h">[electronic resource]</subfield>
   <subfield code="c">Paul Brenton, Olivier Cadot, and Martha Denisse Pierola.</subfield>
  </datafield>
  <datafield tag="264" ind1=" " ind2="1">
   <subfield code="a">Washington</subfield>
   <subfield code="b">World Bank</subfield>
   <subfield code="c">2012.</subfield>
  </datafield>
  <datafield tag="300" ind1=" " ind2=" ">
   <subfield code="a">1 online resource (xiv, 122 p.)</subfield>
   <subfield code="b">ill.</subfield>
  </datafield>
  <datafield tag="490" ind1="1" ind2=" ">
   <subfield code="a">Directions in development. Trade</subfield>
  </datafield>
  <datafield tag="506" ind1=" " ind2=" ">
   <subfield code="a">IP based access, on campus and remote access.</subfield>
   <subfield code="c">Access via UP School of Economics Library (World Bank Online Resource Center) website.</subfield>
  </datafield>
  <datafield tag="520" ind1=" " ind2=" ">
   <subfield code="a">African exporters suffer from low survival rates on international markets. They fail more often than others, incurring time and again the setup costs involved in starting new relationships. This high churning is a source of waste, uncertainty, and discouragement. However, this trend is not inevitable. The high &quot;infant mortality&quot; of African exports is largely explained by Africa's low-income business environment and, once properly benchmarked, Africa's performance in terms of exporter failure is no outlier. Moreover, African exporters show vigorous entrepreneurship, with high entry rates into new products and markets despite formidable hurdles created by poor infrastructure, landlocked boundaries for some, and limited access to major sea routes for others. African exporters experiment a lot, and they frequently pay the price of failure. What matters for policy is how to ensure that viable ventures survive. Research carried out for this book demonstrates that governments can and should help to reduce the rate of failure of African export ventures through a mixture of improvements in the business environment, as well as well-targeted proactive interventions. The business environment can be made more conducive to sustainable export entrepreneurship through traditional policy prescriptions such as reducing transportation costs, facilitating trade through better technology and workflow in border management, improving the effectiveness of banking regulations to ensure the availability of trade finance, and striving for regulatory simplicity and coherence. In addition, governments can help leverage synergies between exporters. Original research featured in this book shows that African exporters improve each other's chances of survival when a critical mass of them penetrates a given market together. They also benefit from diaspora presence in destination markets. With adequate donor support and private-sector engagement, export-promotion agencies and technical-assistance programs can help leverage those synergies.</subfield>
  </datafield>
  <datafield tag="533" ind1=" " ind2=" ">
   <subfield code="a">Electronic reproduction.</subfield>
   <subfield code="c">Washington, D.C.</subfield>
   <subfield code="c">World Bank.</subfield>
   <subfield code="n">Available via World Wide Web.</subfield>
  </datafield>
  <datafield tag="650" ind1=" " ind2="0">
   <subfield code="a">Exports</subfield>
   <subfield code="z">Africa.</subfield>
  </datafield>
  <datafield tag="650" ind1=" " ind2="0">
   <subfield code="a">Foreign trade promotion</subfield>
   <subfield code="z">Africa.</subfield>
  </datafield>
  <datafield tag="650" ind1=" " ind2="0">
   <subfield code="a">Africa</subfield>
   <subfield code="x">Commerce.</subfield>
  </datafield>
  <datafield tag="650" ind1=" " ind2="0">
   <subfield code="a">Africa</subfield>
   <subfield code="x">Commercial policy.</subfield>
  </datafield>
  <datafield tag="650" ind1=" " ind2="0">
   <subfield code="a">Africa</subfield>
   <subfield code="x">Economic integration.</subfield>
  </datafield>
  <datafield tag="650" ind1=" " ind2="0">
   <subfield code="a">Exports</subfield>
   <subfield code="z">Africa.</subfield>
  </datafield>
  <datafield tag="650" ind1=" " ind2="0">
   <subfield code="a">Foreign trade promotion</subfield>
   <subfield code="z">Africa.</subfield>
  </datafield>
  <datafield tag="650" ind1=" " ind2="0">
   <subfield code="a">Electronic books.</subfield>
  </datafield>
  <datafield tag="700" ind1="1" ind2=" ">
   <subfield code="a">Cadot, Olivier.</subfield>
  </datafield>
  <datafield tag="700" ind1="1" ind2=" ">
   <subfield code="a">Pierola, Martha Denisse.</subfield>
  </datafield>
  <datafield tag="776" ind1="0" ind2="8">
   <subfield code="a">Print Version</subfield>
   <subfield code="z">9780821395592.</subfield>
  </datafield>
  <datafield tag="830" ind1=" " ind2="0">
   <subfield code="a">Directions in development (Washington, D.C.).</subfield>
   <subfield code="p">Trade.</subfield>
  </datafield>
  <datafield tag="830" ind1=" " ind2="0">
   <subfield code="a">World Bank e-Library.</subfield>
  </datafield>
  <datafield tag="856" ind1="4" ind2="0">
   <subfield code="z">Available for University of the Philippines - Diliman via World Bank OKR. Click here to access</subfield>
   <subfield code="u">https://openknowledge.worldbank.org/handle/10986/9380</subfield>
  </datafield>
  <datafield tag="856" ind1="4" ind2="2">
   <subfield code="z">(viewed 28 April 2014)</subfield>
  </datafield>
  <datafield tag="905" ind1=" " ind2=" ">
   <subfield code="a">FO</subfield>
  </datafield>
  <datafield tag="950" ind1=" " ind2=" ">
   <subfield code="a">Monograph</subfield>
  </datafield>
  <datafield tag="852" ind1="0" ind2=" ">
   <subfield code="a">UPD</subfield>
   <subfield code="b">DECON</subfield>
  </datafield>
  <datafield tag="942" ind1=" " ind2=" ">
   <subfield code="a">Electronic Resource</subfield>
  </datafield>
 </record>
</collection>
